000 00535nam a2200169 i 4500
001 47343
003 ES-MaACL
005 20230906161539.0
007 t|
008 030407s1937 sp ||||1| spa d
100 1 _aCorachán García, Manuel.
_940442
245 1 0 _aClínica y terapéutica quirúrgicas de urgencia /
_cpor Manuel Corachán García y J. Domenech-Alsina.
260 _aBarcelona :
_bLabor,
_c1937.
300 _aXII, 744 p. ;
_c25 cm.
700 1 _aDomenech Alsina, José.
_945089
852 _aES-MaACL
_jE-1032
_bR.18023
999 _c47343
_d47343